| 000 | 02412nam a2200625 i 4500 | ||
|---|---|---|---|
| 001 | 51689 | ||
| 003 | KOSZ 005 | ||
| 005 | 20210218092615.0 | ||
| 008 | 050907s2005 pl ao f |000 0 pol | ||
| 015 | _aUWD 2005/19494 | ||
| 035 | _a991028577869705066 | ||
| 035 | _a(PL-WaBN)b17732876-48omnis_nlop | ||
| 035 | _ab17732876 | ||
| 035 | _a(OCoLC)69458872 | ||
| 035 | _a(PL)b0000001773287 | ||
| 035 | _a(EXLNZ-48OMNIS_NETWORK)9910025415905606 | ||
| 040 |
_aWA N _cWA N _dKOSZ 005/HR |
||
| 041 | 0 |
_apol _beng |
|
| 046 | _k2005 | ||
| 080 | _a631.4 | ||
| 080 | _a665.6/.7 | ||
| 080 | _a579.8 | ||
| 080 | _a579.6 | ||
| 080 | _a614.7 | ||
| 080 | _a504.5 | ||
| 100 | 1 |
_aKołwzan, Barbara _eAutor |
|
| 245 | 1 | 0 |
_aBioremediacja gleb skażonych produktami naftowymi wraz z oceną ekotoksykologiczną / _cBarbara Kołwzan. |
| 246 | 1 | 5 | _aBioremediation of the soils contaminated with petroleum products and their ecotoxicological assessment |
| 260 |
_aWrocław : _bOficyna Wydawnicza Politechniki Wrocławskiej, _c2005. |
||
| 300 |
_a212 s. : _bfot., rys., wykr. ; _c24 cm. |
||
| 336 |
_aTekst _btxt _2rdacontent |
||
| 337 |
_aBez urządzenia pośredniczącego _bn _2rdamedia |
||
| 338 |
_aWolumin _bnc _2rdacarrier |
||
| 380 | _aKsiążki | ||
| 380 | _aPublikacje naukowe | ||
| 388 | _a2001- | ||
| 490 | 1 |
_aPrace Naukowe Instytutu Inżynierii Ochrony Środowiska Politechniki Wrocławskiej. Monografie, _x0084-2869 ; _v44 |
|
| 500 | _aW serii gł. nr 77. | ||
| 504 | _aBibliogr. s. 187-199. | ||
| 546 | _aStreszcz. ang. Spis treści także ang. | ||
| 650 | 7 |
_aBakterie _2DBN |
|
| 650 | 7 |
_aBiotechnologia środowiskowa _2DBN |
|
| 650 | 7 |
_aGleba _2DBN |
|
| 650 | 7 |
_aRekultywacja gruntów _2DBN |
|
| 650 | 7 |
_aSubstancje i produkty ropopochodne _2DBN |
|
| 650 | 7 | _aBiodegradacja | |
| 650 | 7 |
_aToksykologia środowiskowa _2DBN |
|
| 658 | _aOchrona środowiska | ||
| 710 | 2 |
_aOficyna Wydawnicza Politechniki Wrocławskiej _4pbl |
|
| 830 | 0 |
_aPrace Naukowe Instytutu Inżynierii Ochrony Środowiska Politechniki Wrocławskiej _v77 |
|
| 830 | 0 |
_aPrace Naukowe Instytutu Inżynierii Ochrony Środowiska Politechniki Wrocławskiej. _pMonografie _v44 |
|
| 856 |
_uhttp://koha.tu.koszalin.pl/cgi-bin/koha/opac-detail.pl?biblionumber=51689 _yKatalog online BPK |
||
| 942 |
_2UKD _cKS |
||
| 999 |
_c51689 _d51689 |
||